INDERBIR SINGH'S TB. OF HUMAN HISTOLOGY (Record no. 30666)
[ view plain ]
| 000 -LEADER | |
|---|---|
| fixed length control field | 00352nam a22001577a 4500 |
| 003 - CONTROL NUMBER IDENTIFIER | |
| control field | SGT |
| 020 ## - INTERNATIONAL STANDARD BOOK NUMBER | |
| International Standard Book Number | 9789356968127 |
| 082 ## - DEWEY DECIMAL CLASSIFICATION NUMBER | |
| Classification number | 611 |
| Item number | I25P |
| 100 ## - MAIN ENTRY--PERSONAL NAME | |
| Personal name | PUSHPALATHA, K |
| 245 ## - TITLE STATEMENT | |
| Title | INDERBIR SINGH'S TB. OF HUMAN HISTOLOGY |
| 250 ## - EDITION STATEMENT | |
| Edition statement | 11TH |
| 260 ## - PUBLICATION, DISTRIBUTION, ETC. (IMPRINT) | |
| Place of publication, distribution, etc | INDIA |
| Name of publisher, distributor, etc | JAYPEE PUB |
| Year of Publication | 2025 |
| 300 ## - PAGE DESCRIPTION | |
| No. of Pages | 351 |
| 650 ## - SUBJECT ADDED ENTRY--TOPICAL TERM | |
| Topical term or geographic name as entry element | HUMAN ANATOMY |
| 942 ## - ADDED ENTRY ELEMENTS (KOHA) | |
| Source of classification or shelving scheme | Dewey Decimal Classification |
| Koha item type | Books |
| Withdrawn status | Lost status | Source of classification or shelving scheme | Damaged status | Not for loan | Collection code | Home library | Current library | Shelving location | Date acquired | Vendor Name | Cost, normal purchase price | SGTU | Bill Number | Full call number | Accession No. (Barcode) | Date last seen | Bill Date | Koha item type | Total Checkouts | Checked out | Date last borrowed |
|---|---|---|---|---|---|---|---|---|---|---|---|---|---|---|---|---|---|---|---|---|---|
| Dewey Decimal Classification | Not For Loan | MEDICAL | SGT Medical Library | SGT Medical Library | Text Book | 11/02/2025 | ABC DELHI | 895.00 | SGTU | 20461 | 611 I25P | FM14856 | 04/04/2025 | 11/02/2025 | Books | ||||||
| Dewey Decimal Classification | MEDICAL | SGT Medical Library | SGT Medical Library | Text Book | 11/02/2025 | ABC DELHI | 895.00 | SGTU | 20461 | 611 I25P | FM14857 | 30/05/2026 | 11/02/2025 | Books | 16 | 13/06/2026 | 30/05/2026 | ||||
| Dewey Decimal Classification | MEDICAL | SGT Medical Library | SGT Medical Library | Text Book | 11/02/2025 | ABC DELHI | 895.00 | SGTU | 20461 | 611 I25P | FM14858 | 20/02/2026 | 11/02/2025 | Books | 7 | 03/02/2026 |